000
00282nam a22001337a 4500
008
170913b xxu||||| |||| 00| 0 eng d
020
_a
9780471597735
041
_a
eng
080
_2
3 ED
_a
53
100
_a
53
101
_a
FIZ
245
_a
PHYSICS
_c
JOHNSON.C
942
_2
udc
_c
BK
999
_c
27476
_d
27476